MARC

Tag First Indicator Second Indicator Subfields
LEADER 00000cas a2200000 a 4500
001 in00001094513
007 he bmb024bbca
008 920123d19882001dcutr p b s f0 0eng d
005 20230331144810.5
010 |a sn 92023446  
035 |a (OCoLC)ocm25155271 
035 |9 AFS0000AM 
035 |a (OCoLC)25155271 
035 |a in00001094513 
037 |b Paper subscription available from: ERS-NASS, 5285 Port Royal Road, Springfield, VA 22161 
040 |a IAS  |c IAS  |d GPO  |d GPA  |d GPO  |d IUL  |d GPO  |d TXA  |d UtOrBLW 
042 |a lcd 
043 |a n-us--- 
049 |a TXAM 
050 1 4 |a HD1751  |b .U54a 
074 |a 0042-D (MF)  |z 0042-D (online) 
086 0 |a A 93.9/8: 
245 0 0 |a Situation and outlook report.  |p Agricultural income and finance /  |c United States Department of Agriculture, Economic Research Service. 
246 1 |i Some issues have title on header:  |a Agriculture income and finance 
246 3 0 |a Agricultural income and finance 
246 1 3 |a Agricultural income and finance situation and outlook 
264 1 |a Washington, D.C. :  |b The Service,  |c 1988- 
300 |a volumes :  |b illustrations ;  |c 28 cm. 
310 |a Three times a year,  |b <1999-> 
321 |a Quarterly,  |b 1988-199 
336 |a text  |b txt  |2 rdacontent 
337 |a microform  |b h  |2 rdamedia 
338 |a microfiche  |b he  |2 rdacarrier 
362 0 |a AFO-29 (May 1988)- 
362 1 |a Ceased with AIS-76 (Feb. 2001). 
500 |a Title from cover. 
500 |a Latest issue consulted: AIS-71 (Feb. 1999). 
515 |a Issues for May 1988-Sept. 1993 called: AFO-29-50; issues for Dec. 1993- called: AIS-51- 
530 |a Some issues also available (choice of text format without tables and graphics, or PDF file complete) via Internet from the USDA web site with title: Agricultural income and finance. Address as of 11/4/98: http://usda.mannlib.cornell.edu/reports/erssor/economics/ais-bb/; current access is available via PURL. 
550 |a Approved by: World Agricultural Outlook Board. 
580 |a Continued by online version. 
533 |a Microfiche.  |m AFO-29-AIS-72 (1988-1999):[Gaps]  |b [Washington, D.C.] :  |c Supt. of Docs., U.S. G.P.O.  |e microfiches : negative. 
500 |a Microform. 
650 0 |a Agriculture  |x Economic aspects  |z United States  |v Periodicals. 
650 0 |a Agriculture  |z United States  |x Finance  |v Periodicals. 
650 0 |a Farm income  |z United States  |v Periodicals. 
710 1 |a United States.  |b Department of Agriculture.  |b Economic Research Service. 
710 1 |a United States.  |b World Agricultural Outlook Board. 
740 0 |a Agricultural income and finance (AIS) 
776 1 |c Original  |w (DLC) 88649197  |w (OCoLC)18493842 
780 0 0 |t Situation and outlook report. Agricultural finance  |w (DLC)sn 92023445  |w (OCoLC)24622327 
780 0 6 |t Economic indicators of the farm sector. Costs of production, major field crops & livestock and dairy  |w (DLC)sn 94028556  |w (OCoLC)31633755 
785 1 0 |t Agricultural income and finance  |w (DLC)sn 99015399  |w (OCoLC)41883872 
850 |a InU 
856 4 1 |u https://purl.fdlp.gov/GPO/LPS1092  |t 0 
994 |a C0  |b TXA 
999 |a MARS 
999 f f |i 870411b9-c5fb-316e-9b3a-0caf04e0bf38  |s 845c33a5-8b49-3163-a434-b6589fd25a0f  |t 0 
952 f f |p serial  |a Texas A&M University  |b College Station  |c Sterling C. Evans Library  |d Evans: US Documents Microfiche (3rd floor)  |t 0  |e A 93.9/8:  |h Superintendent of Documents classification  |i microform -- microfiche  |k no.43  |l 1991:Dec.  |m A14836951074 
952 f f |p serial  |a Texas A&M University  |b College Station  |c Sterling C. Evans Library  |d Evans: US Documents Microfiche (3rd floor)  |t 0  |e A 93.9/8:  |h Superintendent of Documents classification  |i microform -- microfiche  |k no.44  |l 1992:Feb.  |m A14836951113 
952 f f |p serial  |a Texas A&M University  |b College Station  |c Sterling C. Evans Library  |d Evans: US Documents Microfiche (3rd floor)  |t 0  |e A 93.9/8:  |h Superintendent of Documents classification  |i microform -- microfiche  |k no.63  |l 1996:Dec.  |m A14836950840 
952 f f |p normal  |a Texas A&M University  |b College Station  |c Sterling C. Evans Library  |d Evans: US Documents (Annex 5th floor)  |t 0  |e A 93.9/8:  |h Superintendent of Documents classification  |i microform -- microfiche  |k AIS-65  |l 1997:June  |m A14822742196 
952 f f |p serial  |a Texas A&M University  |b College Station  |c Sterling C. Evans Library  |d Evans: US Documents Microfiche (3rd floor)  |t 0  |e A 93.9/8:  |h Superintendent of Documents classification  |i microform -- microfiche  |k no.29  |l 1988:May  |m A14836950670 
952 f f |p serial  |a Texas A&M University  |b College Station  |c Sterling C. Evans Library  |d Evans: US Documents Microfiche (3rd floor)  |t 0  |e A 93.9/8:  |h Superintendent of Documents classification  |i microform -- microfiche  |k no.71  |l 1999:Feb.  |m A14824473670 
952 f f |p normal  |a Texas A&M University  |b College Station  |c Sterling C. Evans Library  |d Evans: US Documents (Annex 5th floor)  |t 0  |e A 93.9/8:  |h Superintendent of Documents classification  |i microform -- microfiche  |k AIS-68  |l 1998:Feb.  |m A14822742146 
952 f f |p serial  |a Texas A&M University  |b College Station  |c Sterling C. Evans Library  |d Evans: US Documents Microfiche (3rd floor)  |t 0  |e A 93.9/8:  |h Superintendent of Documents classification  |i microform -- microfiche  |k no.67  |l 1997:Dec.  |m A14836950808 
952 f f |p serial  |a Texas A&M University  |b College Station  |c Sterling C. Evans Library  |d Evans: US Documents Microfiche (3rd floor)  |t 0  |e A 93.9/8:  |h Superintendent of Documents classification  |i microform -- microfiche  |k no.49  |l 1993:May  |m A14836950727 
952 f f |p serial  |a Texas A&M University  |b College Station  |c Sterling C. Evans Library  |d Evans: US Documents Microfiche (3rd floor)  |t 0  |e A 93.9/8:  |h Superintendent of Documents classification  |i microform -- microfiche  |k no.47  |l 1992:Dec.  |m A14836951236 
952 f f |p normal  |a Texas A&M University  |b College Station  |c Sterling C. Evans Library  |d Evans: US Documents (Annex 5th floor)  |t 0  |e A 93.9/8:  |h Superintendent of Documents classification  |i microform -- microfiche  |k AIS-74  |l 2000:Feb.  |m A14826745976 
952 f f |p serial  |a Texas A&M University  |b College Station  |c Sterling C. Evans Library  |d Evans: US Documents Microfiche (3rd floor)  |t 0  |e A 93.9/8:  |h Superintendent of Documents classification  |i microform -- microfiche  |k no.52  |l 1994:Feb.  |m A14836951286 
952 f f |p serial  |a Texas A&M University  |b College Station  |c Sterling C. Evans Library  |d Evans: US Documents Microfiche (3rd floor)  |t 0  |e A 93.9/8:  |h Superintendent of Documents classification  |i microform -- microfiche  |k no.38  |l 1990:Aug.  |m A14836950955 
952 f f |p serial  |a Texas A&M University  |b College Station  |c Sterling C. Evans Library  |d Evans: US Documents Microfiche (3rd floor)  |t 0  |e A 93.9/8:  |h Superintendent of Documents classification  |i microform -- microfiche  |k no.56  |l 1995:Feb.  |m A14836951121 
952 f f |p serial  |a Texas A&M University  |b College Station  |c Sterling C. Evans Library  |d Evans: US Documents Microfiche (3rd floor)  |t 0  |e A 93.9/8:  |h Superintendent of Documents classification  |i microform -- microfiche  |k no.54  |l 1994:Sept.  |m A14836951202 
952 f f |p serial  |a Texas A&M University  |b College Station  |c Sterling C. Evans Library  |d Evans: US Documents Microfiche (3rd floor)  |t 0  |e A 93.9/8:  |h Superintendent of Documents classification  |i microform -- microfiche  |k no.33  |l 1989:May  |m A14836950793 
952 f f |p normal  |a Texas A&M University  |b College Station  |c Sterling C. Evans Library  |d Evans: US Documents (Annex 5th floor)  |t 0  |e A 93.9/8:  |h Superintendent of Documents classification  |i microform -- microfiche  |k AIS-72  |l 1999:Sept.  |m A14827027444 
952 f f |p normal  |a Texas A&M University  |b College Station  |c Sterling C. Evans Library  |d Evans: US Documents (Annex 5th floor)  |t 0  |e A 93.9/8:  |h Superintendent of Documents classification  |i microform -- microfiche  |k AIS-76  |l 2001:Feb.  |m A14831037100 
952 f f |p serial  |a Texas A&M University  |b College Station  |c Sterling C. Evans Library  |d Evans: US Documents Microfiche (3rd floor)  |t 0  |e A 93.9/8:  |h Superintendent of Documents classification  |i microform -- microfiche  |k no.62  |l 1996:Sept.  |m A14821782868 
952 f f |p serial  |a Texas A&M University  |b College Station  |c Sterling C. Evans Library  |d Evans: US Documents Microfiche (3rd floor)  |t 0  |e A 93.9/8:  |h Superintendent of Documents classification  |i microform -- microfiche  |k no.50  |l 1993:Sept.  |m A14836950688 
952 f f |p serial  |a Texas A&M University  |b College Station  |c Sterling C. Evans Library  |d Evans: US Documents Microfiche (3rd floor)  |t 0  |e A 93.9/8:  |h Superintendent of Documents classification  |i microform -- microfiche  |k no.66  |l 1997:Sept.  |m A14836950963 
952 f f |p serial  |a Texas A&M University  |b College Station  |c Sterling C. Evans Library  |d Evans: US Documents Microfiche (3rd floor)  |t 0  |e A 93.9/8:  |h Superintendent of Documents classification  |i microform -- microfiche  |k no.45  |l 1992:May  |m A14836951155 
952 f f |p serial  |a Texas A&M University  |b College Station  |c Sterling C. Evans Library  |d Evans: US Documents Microfiche (3rd floor)  |t 0  |e A 93.9/8:  |h Superintendent of Documents classification  |i microform -- microfiche  |k no.46  |l 1992:Sept.  |m A14836951197 
952 f f |p serial  |a Texas A&M University  |b College Station  |c Sterling C. Evans Library  |d Evans: US Documents Microfiche (3rd floor)  |t 0  |e A 93.9/8:  |h Superintendent of Documents classification  |i microform -- microfiche  |k no.53  |l 1994:June  |m A14836951244 
952 f f |p serial  |a Texas A&M University  |b College Station  |c Sterling C. Evans Library  |d Evans: US Documents Microfiche (3rd floor)  |t 0  |e A 93.9/8:  |h Superintendent of Documents classification  |i microform -- microfiche  |k no.61  |l 1996:June  |m A14836950882 
952 f f |p serial  |a Texas A&M University  |b College Station  |c Sterling C. Evans Library  |d Evans: US Documents Microfiche (3rd floor)  |t 0  |e A 93.9/8:  |h Superintendent of Documents classification  |i microform -- microfiche  |k no.40  |l 1991:Feb.  |m A14836950997 
952 f f |p serial  |a Texas A&M University  |b College Station  |c Sterling C. Evans Library  |d Evans: US Documents Microfiche (3rd floor)  |t 0  |e A 93.9/8:  |h Superintendent of Documents classification  |i microform -- microfiche  |k no.72  |l 1999:Sept.  |m A14826225073 
952 f f |p normal  |a Texas A&M University  |b College Station  |c Sterling C. Evans Library  |d Evans: US Documents (Annex 5th floor)  |t 0  |e A 93.9/8:  |h Superintendent of Documents classification  |i microform -- microfiche  |k AIS-69  |l 1998:Sept.  |m A14824405334 
952 f f |p serial  |a Texas A&M University  |b College Station  |c Sterling C. Evans Library  |d Evans: US Documents Microfiche (3rd floor)  |t 0  |e A 93.9/8:  |h Superintendent of Documents classification  |i microform -- microfiche  |k no.70  |l 1998:Dec.  |m A14836951294 
952 f f |p normal  |a Texas A&M University  |b College Station  |c Sterling C. Evans Library  |d Evans: US Documents (Annex 5th floor)  |t 0  |e A 93.9/8:  |h Superintendent of Documents classification  |i microform -- microfiche  |k AIS-64  |l 1997:Feb.  |m A14822742243 
952 f f |p serial  |a Texas A&M University  |b College Station  |c Sterling C. Evans Library  |d Evans: US Documents Microfiche (3rd floor)  |t 0  |e A 93.9/8:  |h Superintendent of Documents classification  |i microform -- microfiche  |k no.41  |l 1991:June  |m A14836951032 
952 f f |p serial  |a Texas A&M University  |b College Station  |c Sterling C. Evans Library  |d Evans: US Documents Microfiche (3rd floor)  |t 0  |e A 93.9/8:  |h Superintendent of Documents classification  |i microform -- microfiche  |k no.55  |l 1994:Dec.  |m A14836951163 
952 f f |p serial  |a Texas A&M University  |b College Station  |c Sterling C. Evans Library  |d Evans: US Documents Microfiche (3rd floor)  |t 0  |e A 93.9/8:  |h Superintendent of Documents classification  |i microform -- microfiche  |k no.32  |l 1989:Feb.  |m A14836950751 
952 f f |p normal  |a Texas A&M University  |b College Station  |c Sterling C. Evans Library  |d Evans: US Documents (Annex 5th floor)  |t 0  |e A 93.9/8:  |h Superintendent of Documents classification  |i microform -- microfiche  |k AIS-71  |l 1999:Feb.  |m A14824478230 
952 f f |p serial  |a Texas A&M University  |b College Station  |c Sterling C. Evans Library  |d Evans: US Documents Microfiche (3rd floor)  |t 0  |e A 93.9/8:  |h Superintendent of Documents classification  |i microform -- microfiche  |k no.37  |l 1990:May  |m A14836950913 
952 f f |p normal  |a Texas A&M University  |b College Station  |c Sterling C. Evans Library  |d Evans: US Documents (Annex 5th floor)  |t 0  |e A 93.9/8:  |h Superintendent of Documents classification  |i microform -- microfiche  |k AIS-67  |l 1997:Dec.  |m A14822742099 
952 f f |p serial  |a Texas A&M University  |b College Station  |c Sterling C. Evans Library  |d Evans: US Documents Microfiche (3rd floor)  |t 0  |e A 93.9/8:  |h Superintendent of Documents classification  |i microform -- microfiche  |k no.34  |l 1989:Aug.  |m A14836950832 
952 f f |p serial  |a Texas A&M University  |b College Station  |c Sterling C. Evans Library  |d Evans: US Documents Microfiche (3rd floor)  |t 0  |e A 93.9/8:  |h Superintendent of Documents classification  |i microform -- microfiche  |k no.48  |l 1993:Feb.  |m A14836951278 
952 f f |p serial  |a Texas A&M University  |b College Station  |c Sterling C. Evans Library  |d Evans: US Documents Microfiche (3rd floor)  |t 0  |e A 93.9/8:  |h Superintendent of Documents classification  |i microform -- microfiche  |k no.51  |l 1993:Dec.  |m A14836950769 
952 f f |p serial  |a Texas A&M University  |b College Station  |c Sterling C. Evans Library  |d Evans: US Documents Microfiche (3rd floor)  |t 0  |e A 93.9/8:  |h Superintendent of Documents classification  |i microform -- microfiche  |k no.59  |l 1995:Dec.  |m A14836951008 
952 f f |p normal  |a Texas A&M University  |b College Station  |c Sterling C. Evans Library  |d Evans: US Documents (Annex 5th floor)  |t 0  |e A 93.9/8:  |h Superintendent of Documents classification  |i microform -- microfiche  |k AIS-75  |l 2000:Sept.  |m A14831037142 
952 f f |p serial  |a Texas A&M University  |b College Station  |c Sterling C. Evans Library  |d Evans: US Documents Microfiche (3rd floor)  |t 0  |e A 93.9/8:  |h Superintendent of Documents classification  |i microform -- microfiche  |k no.57  |l 1995:June  |m A14836951082 
952 f f |p serial  |a Texas A&M University  |b College Station  |c Sterling C. Evans Library  |d Evans: US Documents Microfiche (3rd floor)  |t 0  |e A 93.9/8:  |h Superintendent of Documents classification  |i microform -- microfiche  |k no.58  |l 1995:Sept.  |m A14836951040 
952 f f |p serial  |a Texas A&M University  |b College Station  |c Sterling C. Evans Library  |d Evans: US Documents Microfiche (3rd floor)  |t 0  |e A 93.9/8:  |h Superintendent of Documents classification  |i microform -- microfiche  |k no.30  |l 1988:Sept.  |m A14836950719 
952 f f |p serial  |a Texas A&M University  |b College Station  |c Sterling C. Evans Library  |d Evans: US Documents Microfiche (3rd floor)  |t 0  |e A 93.9/8:  |h Superintendent of Documents classification  |i microform -- microfiche  |k no.60  |l 1996:Feb.  |m A14836950921 
952 f f |p serial  |a Texas A&M University  |b College Station  |c Sterling C. Evans Library  |d Evans: US Documents Microfiche (3rd floor)  |t 0  |e A 93.9/8:  |h Superintendent of Documents classification  |i microform -- microfiche  |k no.35  |l 1989:Dec.  |m A14836950874 
998 f f |a A 93.9/8:  |s no.71-72 (1999:Feb.-Sept.)  |t 0  |l Evans: US Documents Microfiche (3rd floor) 
998 f f |a A 93.9/8:  |s AIS-74-76 (2000:Feb.-2001:Feb.)  |t 0  |l Evans: US Documents (Annex 5th floor)